000 01599cam a22004694i 4500
003 PE-LiUPU
005 20250731173522.0
008 150616s r 000 0 d
020 _a0060695374
035 _a(Sirsi) i9780060695378
040 _aPE-LiUPU
_bspa
_cPE-LiUPU
_erda
049 _aPRUA
082 0 4 _a269.09
_bS77
_221
100 1 _aSpringer, Kevin,
_eautor.
245 1 0 _aPower encounters :
_bAmong christians in the western world /
_cKevin Springer.
264 1 _aSan Francisco :
_bHarper & Row, Publichers,
_c1988.
300 _a216 páginas ;
_c20 centímetros
336 _atext
_2rdacontent
337 _aunmediated
_2rdamedia
338 _avolume
_2rdacarrier
505 0 _aPersonal encounters.- Worldview encounters.- Doctrinal encounters.- Pastoral encounters.- Missionary encounters.
526 _aSEG42
526 _aSEG41
526 _aSEG40
526 _aSEG39
526 _aP94
526 _aP87
526 _aP86
526 _aP85
526 _aP77
526 _aP76
526 _aP35
650 0 4 _aEvangelismo
_xHistoria
_ySiglo XX.
700 1 _aWimber, John.
910 _ajck
_bjvq
_cjck
942 _2ddc
_cBOOK
949 _a269.09 S77
_wDEWEY
_c1
_i41986
_lCCODEBUL1
_mBUL
_r0
_sY
_tBOOK
_u2015-6-16
_xTEOLOGIA
_zUNKNOWN
_0COMPRA
_o.STAFF. Colección General
994 _aC0
_bPEPRU
596 _a1
999 _a269.09 S77
_wDEWEY
_c59733
_i41986
_f2021-11-10
_g5
_lCCODEBUL1
_mBUL
_r0
_sY
_tBOOK
_u2015-6-16
_xTEOLOGIA
_zUNKNOWN
_0COMPRA
_o.STAFF. Colección General
_d59733
980 _81
_gALBERTO SANCHEZ Responsable de Automatización